Nepal Quiz - Statistics

General Stats
  • This quiz has been taken 308 times
  • The average score is 10 of 15
Answer Stats
Hint Answer % Correct
What is the capital of Nepal? Kathmandu
98%
What is the nepalese currency? Nepalese Rupee
89%
What is the name of the highest mountain in Nepal? Mount Everest
85%
How many neighbourcountries does Nepal have? 2
82%
How is the national language called? Nepali
81%
What colour has the uniform of the nepalese police? blue carmouflage
80%
What is the main religion in Nepal? Hinduism
75%
How do you say Hello in the language of Nepal? Namaste
67%
What is the birthplace of Siddharta Gautama? Lumbini
61%
What is the second biggest city of Nepal? Pokhara
61%
What is the name of the National park near the indian border? Chitwan
47%
How is the national nepalese hat called? Topi
46%
What is the name of the tourist area in Kathmandu? Thamel
42%
What is the nepalese national beverage? Chiya
36%
What is the most popular dish in Nepal? Daal Bhat
25%
No matching quizzes found
Score Distribution
Percent of People with Each Score
Percentile by Number Answered
Your Score History
You have not taken this quiz